[Event "Minsk op"]
[Site "Minsk"]
[Date "2023.11.08"]
[Round "6"]
[White "Halavan, Ihar"]
[Black "Kavgarenia, Darya"]
[Result "0-1"]
[WhiteElo "1172"]
[BlackElo "1600"]
[PlyCount "112"]
[EventDate "2023.11.03"]
[EventType "swiss"]
[EventRounds "9"]
[EventCountry "BLR"]
[SourceTitle "CB46_2023"]
[SourceDate "2023.11.15"]
[SourceVersion "1"]
[SourceVersionDate "2023.11.15"]
[SourceQuality "1"]

1. d4 Nf6 2. c4 g6 3. g3 Bg7 4. Bg2 d6 5. Nc3 Nbd7 6. Nf3 0-0 7. e4 e5 8. d5 c6 9. dxc6 Nc5 10. Bg5 bxc6 11. b4 Ne6 12. Be3 Bb7 13. Qc2 Qc7 14. Rd1 Rfd8 15. 0-0 d5 16. cxd5 cxd5 17. exd5 Nxd5 18. Rc1 e4 19. Nxd5 Qxc2 20. Rxc2 exf3 21. Bxf3 Bxd5 22. Be2 Nd4 23. Bxd4 Bxd4 24. Rd1 Bf6 25. Rdc1 Be6 26. a3 Rac8 27. Rxc8 Rxc8 28. Rxc8+ Bxc8 29. b5 Kf8 30. Kg2 Bb7+ 31. Kh3 Bd5 32. Kg4 h5+ 33. Kf4 Ke7 34. Ke3 Kd6 35. f4 Kc5 36. f5 Bg5+ 37. Kd3 Kxb5 38. Kd4+ Kc6 39. fxg6 fxg6 40. Ke5 Bf7 41. Bd3 Be7 42. a4 Kc5 43. Bb5 Bc4 44. Be8 Bd3 45. Ke6 Bg5 46. h4 Bd2 47. Ke5 Bc2 48. Bb5 Be1 49. Kf4 Kb4 50. Be8 Bxa4 51. Bxg6 Bd1 52. Bf7 Bg4 53. Be8 a5 54. Bf7 a4 55. Bg6 a3 56. Bf7 Kc3 0-1

[Event "Minsk op"]
[Site "Minsk"]
[Date "2023.11.07"]
[Round "5"]
[White "Kavgarenia, Darya"]
[Black "Siarkou, Aliaksandr"]
[Result "0-1"]
[WhiteElo "1600"]
[BlackElo "1272"]
[PlyCount "98"]
[EventDate "2023.11.03"]
[EventType "swiss"]
[EventRounds "9"]
[EventCountry "BLR"]
[SourceTitle "CB46_2023"]
[SourceDate "2023.11.15"]
[SourceVersion "1"]
[SourceVersionDate "2023.11.15"]
[SourceQuality "1"]

1. d4 d5 2. Bf4 c5 3. e3 cxd4 4. exd4 Nc6 5. c3 Bf5 6. Nd2 e6 7. Ngf3 Bd6 8. Bg3 Nge7 9. Be2 0-0 10. 0-0 Bxg3 11. fxg3 h6 12. Ne1 Bg6 13. Ndf3 Nf5 14. Qd2 Nd6 15. Bd3 Ne4 16. Qc2 Re8 17. Qe2 a6 18. Nd2 Nxd2 19. Qxd2 Bxd3 20. Nxd3 b6 21. Rae1 Na5 22. b3 Qc7 23. Rc1 Nb7 24. c4 Qd6 25. Rc2 dxc4 26. Ne5 Red8 27. Nxc4 Qxd4+ 28. Qxd4 Rxd4 29. Nxb6 Rad8 30. Rc7 Nd6 31. Ra7 Nf5 32. Rxa6 R4d6 33. a4 Ne3 34. Rc1 Rd2 35. Rc8 Rxg2+ 36. Kh1 Rxc8 37. Nxc8 Rb2 38. Kg1 Rg2+ 39. Kh1 Rc2 40. Ne7+ Kf8 41. Ng6+ fxg6 42. h4 Ke7 43. Ra7+ Kf6 44. a5 Kf5 45. Rxg7 Rb2 46. Rb7 Kg4 47. Rc7 Rxb3 48. a6 Ra3 49. a7 Kxg3 0-1